[Event "Groningen op"]
[Site "Groningen"]
[Date "1998.12.21"]
[Round "2"]
[White "Wiersma, Eelke"]
[Black "Reinderman, Dimitri"]
[Result "0-1"]
[WhiteElo "2355"]
[BlackElo "2540"]

1.e4 c5 2.Nf3 e6 3.d4 cxd4 4.Nxd4 Nc6 5.Nc3 a6 6.Be3 Nxd4 7.Qxd4 Ne7 8.O-O-O b5
9.f4 Nc6 10.Qd2 Bb4 11.a3 Be7 12.e5 b4 13.axb4 Bxb4 14.Qd3 Qa5 15.Nb1 Qa1
16.c3 Be7 17.Qc2 Rb8 18.Bd3 a5 19.Rd2 a4 20.Kd1 Na5 21.Ke1 Nb3 22.Re2 Nc5
23.Bc4 Bb7 24.Qc1 Nb3 25.Qc2 O-O 26.Rf1 Nc5 27.Bd4 Be4 28.Rxe4 Rxb2  0-1

[Event "Groningen op"]
[Site "Groningen"]
[Date "1998.12.23"]
[Round "4"]
[White "Bertholee, Rob"]
[Black "Reinderman, Dimitri"]
[Result "1/2-1/2"]
[WhiteElo "2355"]
[BlackElo "2540"]

1.e4 c5 2.Nf3 Nc6 3.Nc3 e6 4.d4 cxd4 5.Nxd4 a6 6.Be3 Nxd4 7.Qxd4 Ne7 8.Qb6 Qxb6
9.Bxb6 d6 10.a4 Bd7 11.a5 Bc6 12.Bc4 Ng6 13.f3 Be7 14.O-O Ne5 15.Bb3 Nd7
16.Bd4 Bf6 17.Rad1 Ke7 18.Bxf6+ Nxf6 19.Rfe1 Nd7 20.Nd5+ Bxd5 21.exd5 e5
22.Bc4 Rhc8 23.b3 b5 24.axb6 Nxb6 25.Bd3 Nxd5 26.Be4 Nc3 27.Bxa8 Nxd1 28.Bb7 Rc7
29.Bxa6 Nc3 30.Bc4 Ra7 31.f4 f6 32.fxe5 fxe5 33.Bg8 h6 34.Rf1 Ra2 35.Rf7+ Kd8
36.Rxg7 Rxc2 37.Rg6 Kd7 38.Rxh6 e4 39.Rh3 Kc6 40.Bh7 d5 41.g4 Kd6 42.g5 Ke5
43.Kf1 d4 44.Bxe4 Nxe4 45.g6 Rf2+ 46.Ke1 Rf5 47.g7 Nf6 48.Rg3 Ng8 49.Ke2 Ke4
50.Rg4+ Kd5 51.h4 Re5+  1/2-1/2

[Event "Ambassador op"]
[Site "Bern"]
[Date "1998.12.27"]
[Round "3"]
[White "Brendel, Oliver"]
[Black "Berset, Philippe"]
[Result "1-0"]
[WhiteElo "2410"]
[BlackElo "2185"]

1.e4 c5 2.Nf3 Nc6 3.Nc3 e6 4.d4 cxd4 5.Nxd4 a6 6.Nxc6 bxc6 7.Bd3 d5 8.O-O Bd6
9.Re1 Ne7 10.Qh5 Bb4 11.a3 Bxc3 12.bxc3 Ng6 13.f4 O-O 14.f5 dxe4 15.Bxe4 exf5
16.Bxf5 Bxf5 17.Qxf5 Re8 18.Be3 h6 19.Bd4 Rb8 20.a4 Rb7 21.Rab1 Rxb1 22.Rxb1 Re2
23.Bf2 Re5 24.Qf3 Qd7 25.h3 Rf5 26.Qd3 Rd5 27.Qxa6 Nf4 28.Rb8+ Kh7 29.Qc8 Rd1+
30.Kh2 Qd5 31.Qg4 g5 32.c4 Qd2 33.Qf5+ Kg7 34.Qe5+ Kh7 35.Rh8+ Kg6 36.Rg8+ Kh5
37.g4+  1-0

[Event "Rilton Cup 9899"]
[Site "Stockholm"]
[Date "1998.12.30"]
[Round "3"]
[White "Salmensuu, Olli"]
[Black "Cramling, Pia"]
[Result "1/2-1/2"]
[WhiteElo "2420"]
[BlackElo "2505"]

1.e4 c5 2.Nf3 e6 3.d4 cxd4 4.Nxd4 Nc6 5.Nc3 Qc7 6.g3 a6 7.Bg2 d6 8.O-O Nf6
9.Kh1 Be7 10.f4 O-O 11.f5 Nxd4 12.Qxd4 Bd7 13.Bg5 h6 14.Bh4 Bc6 15.Rg1 b5
16.a3 Qa7 17.Bxf6 Bxf6 18.Qxd6 Rfd8 19.Qf4 Qc5 20.fxe6 fxe6 21.Qg4 Qe5 22.Rad1 a5
23.Rxd8+ Rxd8 24.Rd1 Re8 25.Qf4 b4 26.axb4 axb4 27.Qxe5 Bxe5 28.Na2 Rb8 29.b3 Kf8
30.Nc1 Ke7 31.Nd3 Rd8 32.Rf1 Bc3 33.e5 Bb5 34.Be4 Rd4 35.Bg6 Rd7 36.Rf7+ Kd8
37.Rf8+ Kc7 38.Be8 Bxd3 39.cxd3 Rxd3 40.Rf7+ Kd8 41.Bb5 Rd5 42.Bc4 Rxe5 43.Kg2 Re1
44.Rf1 Re3 45.Rf3 Re1 46.Rf4 Re5 47.Rf2 Re1 48.Rf1 Rxf1 49.Bxf1 Ke7 50.Kf3 Kf6
51.Ke4 Be5 52.Bc4 Bd6 53.Kf3 h5 54.h3 Ke5 55.g4 h4 56.Kg2 Bc5 57.Kf3  1/2-1/2

[Event "Stavanger op 9899"]
[Site "Stavanger"]
[Date "1998.12.31"]
[Round "8"]
[White "Fossan, Erik"]
[Black "Harestad, Thor Geir"]
[Result "1/2-1/2"]
[WhiteElo "2400"]
[BlackElo "2235"]

1.e4 c5 2.Nf3 Nc6 3.d4 cxd4 4.Nxd4 e6 5.Nc3 Qc7 6.Be2 a6 7.O-O Bd6 8.Kh1 Nxd4
9.Qxd4 Be5 10.Qd3 Ne7 11.f4 Bxc3 12.bxc3 d5 13.exd5 Nxd5 14.c4 Ne7 15.Ba3 O-O
16.Rad1 Re8 17.Bf3 Nc6 18.Be4 f5 19.Bxc6 Qxc6 20.Bb2 b6 21.Qc3 Ra7 22.Rf3 Rf7
23.Rg3 Qc7 24.Rd6 e5 25.fxe5 f4 26.Rgd3 Be6 27.Qd2 Qxc4 28.Rd8  1/2-1/2

[Event "Givataim international"]
[Site "Givataim"]
[Date "1998.12.??"]
[Round "?"]
[White "Kundin, Alexander"]
[Black "Zalkind, Karmi"]
[Result "1-0"]
[WhiteElo "2425"]
[BlackElo "2320"]

1.e4 c5 2.Nf3 Nc6 3.d4 cxd4 4.Nxd4 e6 5.Nc3 Qc7 6.g3 a6 7.Bg2 Nf6 8.O-O Bc5
9.Nb3 Ba7 10.Bg5 Ne5 11.Qe2 d6 12.Kh1 h6 13.Bxf6 gxf6 14.Rad1 Bd7 15.Nd2 Bd4
16.Ndb1 Bxc3 17.Nxc3 Nc4 18.e5 fxe5 19.Ne4 Ke7 20.b3 d5 21.bxc4 dxe4 22.Qxe4 Bc6
23.Qh4+ f6 24.Rd3 Rac8 25.Rfd1 Ba4 26.c5 Bb5 27.Rd6 Be8 28.Bh3 Bf7 29.Rd7+ Qxd7
30.Rxd7+ Kxd7 31.Qxf6 Rhf8 32.Qxe5 Ke7 33.Bg2 b5 34.cxb6 Rxc2 35.Be4 Rcc8
36.b7 Rcd8 37.Qc7+ Kf6 38.Qc3+ Ke7 39.Qa3+  1-0

[Event "AUT-chT2O 9798"]
[Site "Austria"]
[Date "1998.??.16"]
[Round "7"]
[White "Groetz, Harald"]
[Black "Jansa, Vlastimil"]
[Result "0-1"]
[WhiteElo "2245"]
[BlackElo "2480"]

1.e4 c5 2.Nf3 e6 3.d4 cxd4 4.Nxd4 Nc6 5.Nc3 a6 6.Be3 Qc7 7.Be2 b5 8.O-O Bb7
9.f4 Bc5 10.Nf5 Bxe3+ 11.Nxe3 Nge7 12.Kh1 O-O 13.a3 Rad8 14.Bd3 f6 15.Qg4 Nd4
16.Ne2 f5 17.Qg5 Nxe2 18.Bxe2 Qc5 19.Ng4 Bxe4 20.Bd3 Bxd3 21.cxd3 Ng6 22.Rac1 Qd4
23.Ne5 Nxe5 24.fxe5 Qxe5 25.b4 Rc8 26.Rce1 Qd5 27.Rf3 Rf6 28.Qf4 Rg6 29.h3 h6
30.Re5 Qa2 31.Rg3 Rxg3 32.Qxg3 Qxa3 33.Qg6 Qc1+  0-1

[Event "AUT-chT2O 9798"]
[Site "Austria"]
[Date "1998.??.17"]
[Round "8"]
[White "Lehner, Oliver"]
[Black "Neubauer, Martin"]
[Result "1/2-1/2"]
[WhiteElo "2400"]
[BlackElo "2315"]

1.d4 e6 2.Nf3 c5 3.e4 cxd4 4.Nxd4 Nc6 5.Nc3 Qc7 6.g3 a6 7.Bg2 Nge7 8.O-O Nxd4
9.Qxd4 Nc6 10.Qe3 Be7 11.b3 h5 12.Bb2 h4 13.Na4 hxg3 14.hxg3 Ne5 15.Qb6 Bd8
16.Qxc7 Bxc7 17.Bd4 f6 18.Nb6 Bxb6 19.Bxb6 d6 20.Rfd1 Nf7 21.Bc7 Kd7 22.Ba5 Rb8
23.Bb6 Kc6 24.Ba7 Ra8 25.Be3 Kc7 26.c4 a5 27.Rac1 Bd7 28.a3 Bc6 29.b4 axb4
30.axb4 b6 31.f3 Ra2 32.Rd2 Rha8 33.Rxa2 Rxa2 34.Bd4 Ne5 35.c5 bxc5 36.bxc5 dxc5
37.Bxe5+ fxe5 38.Rxc5 Kd6 39.Rc1 Rd2 40.Ra1 Bd7 41.Ra8 Ke7 42.Bf1 Be8 43.Bc4 Bf7  1/2-1/2

[Event "AUT-chT2O 9798"]
[Site "Austria"]
[Date "1998.??.18"]
[Round "9"]
[White "Jansa, Vlastimil"]
[Black "Beikert, Guenther"]
[Result "1-0"]
[WhiteElo "2480"]
[BlackElo "2475"]

1.e4 c5 2.Nf3 Nc6 3.d4 cxd4 4.Nxd4 e6 5.Nc3 Qc7 6.g3 a6 7.Bg2 d6 8.O-O Bd7
9.Re1 Be7 10.Nxc6 Bxc6 11.a4 Nf6 12.a5 O-O 13.Be3 Nd7 14.Na4 Rae8 15.Nb6 Bd8
16.Ra3 Nxb6 17.axb6 Qc8 18.Rd3 Be7 19.c4 f5 20.exf5 Bxg2 21.Kxg2 Rxf5 22.b3 Ref8
23.Qe2 Qc6+ 24.Kg1 Bd8 25.Red1 d5 26.c5 Be7 27.b4 Re5 28.Qd2 Re4 29.Rd4 Rxd4
30.Bxd4 Bf6 31.Re1 Qd7 32.f4 Re8 33.Qc3 Kf7 34.Be5 d4 35.Qd3 Bxe5 36.Rxe5 Rd8
37.Kf2 Qc6 38.Qe4 Qxe4 39.Rxe4 d3 40.Ke1 d2+ 41.Kd1 Kf6 42.Re2 Rd4 43.b5 Rb4
44.bxa6 bxa6 45.Rxd2 Ke7 46.Kc1 Rb5 47.Rc2 Kd8 48.Kd2 Kd7 49.Kd3 Kc6 50.Kd4 a5
51.Ke5 Kd7 52.Rc4 Rb2 53.c6+ Kc8 54.b7+ Kc7 55.Kxe6 Rxh2 56.Rc5 Rb2 57.Kf7 Kd6
58.Kg8 Kxc5 59.c7 Rxb7 60.c8=Q+ Kb6 61.Kxh7 a4 62.Qc3 Kb5 63.Qe5+ Kb6 64.f5  1-0

[Event "Aarhus Masters op"]
[Site "Aarhus"]
[Date "1998.??.??"]
[Round "5"]
[White "Skytte, Rasmus"]
[Black "Fries Nielsen, Jens Ove"]
[Result "1/2-1/2"]
[WhiteElo "2205"]
[BlackElo "2395"]

1.e4 c5 2.Nc3 e6 3.Nge2 Nc6 4.d4 cxd4 5.Nxd4 a6 6.f4 d5 7.Be3 Nf6 8.e5 Nd7
9.Qd2 Bc5 10.O-O-O O-O 11.h4 Nxd4 12.Bxd4 b5 13.f5 Bxd4 14.Qxd4 Qb6 15.Qf4 Qc7
16.Re1 Bb7 17.Bd3 f6 18.fxe6 Nxe5 19.Qf5 g6 20.Qh3 d4 21.Ne4 f5 22.Nf2 Rac8
23.h5 g5 24.Qg3 Nxd3+ 25.Qxd3 Qf4+  1/2-1/2

[Event "BEL-chT 9798"]
[Site "Antwerp"]
[Date "1998.??.??"]
[Round "7"]
[White "Gulbas, Cemil"]
[Black "Sziva, Erika"]
[Result "1-0"]
[WhiteElo "2190"]
[BlackElo "2320"]

1.e4 c5 2.Nf3 e6 3.d4 cxd4 4.Nxd4 Nc6 5.Nc3 Qc7 6.g3 a6 7.Bg2 Nf6 8.O-O Bc5
9.Nb3 Ba7 10.Bg5 d6 11.Qe2 Ne5 12.Rad1 Bd7 13.Kh1 h6 14.Bc1 Rc8 15.h3 b5
16.a3 Nc4 17.f4 h5 18.Bf3 Kf8 19.Kg2 Nxa3 20.e5 Ne8 21.exd6 Qc4 22.Rd3 Nxc2
23.Qxc2 b4 24.Nd2 Qc5 25.Nde4 Qf5 26.Qe2 bxc3 27.Rxc3 Rd8 28.Qxa6 Bd4 29.Rb3 e5
30.Rh1 Qe6 31.Rd3 Rc8 32.Ng5 Rc2+ 33.Rd2 Qb3 34.Qb7 Qxb7 35.Bxb7 Rxd2+ 36.Bxd2 Nxd6
37.Bb4 Rh6 38.Ne4 Ke7 39.fxe5 Bxe5 40.Rd1 f5 41.Rd5 fxe4 42.Rxe5+ Kd8 43.Ba5+  1-0

[Event "Bayern-ch Bank Hofmann 2nd"]
[Site "Bad Wiesse"]
[Date "1998.??.??"]
[Round "4"]
[White "Naiditsch, Arkadij"]
[Black "Glek, Igor V"]
[Result "1/2-1/2"]
[WhiteElo "2390"]
[BlackElo "2580"]

1.e4 c5 2.Nf3 e6 3.d4 cxd4 4.Nxd4 Nc6 5.Nc3 Qc7 6.Be3 Nf6 7.Be2 a6 8.O-O Bb4
9.Na4 Be7 10.Nxc6 bxc6 11.Nb6 Rb8 12.Nxc8 Qxc8 13.Bf4 Rxb2 14.Bd6 Bxd6 15.Qxd6 Qb8
16.Qxb8+ Rxb8 17.e5 Nd5 18.Bxa6 Ke7 19.Bd3 Rb4 20.Rfb1 Ra8 21.Rxb4 Nxb4 22.a4 Ra5
23.f4 Nd5 24.g3 g6 25.Bc4 Nb6 26.Bb3 f6 27.Re1 fxe5 28.fxe5 c5 29.c4 Nc8
30.Rb1 Na7 31.Bc2 Nc6 32.Rb5 Rxb5 33.cxb5 Nxe5 34.a5 Kd8 35.b6 Nc4 36.b7 Kc7
37.a6 Na3 38.Ba4 d6 39.Kf2 Kb8 40.Kf3 d5 41.Kf4 Nc4 42.Kg5 Nb2 43.Bc6 Nd3
44.Kf6 Nb4 45.Kxe6 d4 46.Kd6 Nxa6 47.Be4 c4 48.Kd5 d3 49.Kxc4 d2 50.Bf3 Nc7
51.Kd3 d1=Q+ 52.Bxd1 Kxb7 53.Ke4 Kc6 54.Ke5 Kd7 55.Kf6 Nd5+ 56.Kg7 Ne3 57.Bb3 Ke7
58.Kxh7 Kf6 59.Ba4 Nf1 60.Bb5 Nxh2 61.Be2 Kg5 62.Kg7  1/2-1/2

[Event "Bayern-ch Bank Hofmann 2nd"]
[Site "Bad Wiesse"]
[Date "1998.??.??"]
[Round "8"]
[White "Kessler, Horst"]
[Black "Bartels, Holger"]
[Result "1/2-1/2"]
[WhiteElo "2150"]
[BlackElo "2150"]

1.e4 c5 2.Nf3 Nc6 3.Nc3 e6 4.d4 cxd4 5.Nxd4 Qc7 6.Be2 a6 7.O-O Nf6 8.Be3 Bb4
9.f3 O-O 10.Nxc6 bxc6 11.Na4 d5 12.exd5 cxd5 13.Bd3 Bd7 14.c3 Bd6 15.f4 Bb5
16.h3 Rac8 17.Rc1 Bxd3 18.Qxd3 Qc4 19.Qxc4 Rxc4 20.b3  1/2-1/2

[Event "Bad Zwesten op"]
[Site "Bad Zwesten"]
[Date "1998.??.??"]
[Round "3"]
[White "Majer, Damir"]
[Black "Luther, Thomas"]
[Result "0-1"]
[WhiteElo "2285"]
[BlackElo "2525"]

1.e4 c5 2.Nf3 Nc6 3.d4 cxd4 4.Nxd4 e6 5.Nc3 a6 6.Be3 Qc7 7.Be2 Nf6 8.O-O Be7
9.f4 d6 10.Qe1 O-O 11.Qg3 Nxd4 12.Bxd4 b5 13.a3 Bb7 14.Rae1 Bc6 15.Bd3 Qb7
16.Re3 Rad8 17.e5 dxe5 18.fxe5 Nh5 19.Qg4 Rxd4 20.Qxd4 Rd8 21.Qg4 Bc5 22.Nd1 g6
23.Qg5 Rd4 24.Nf2 Be7 25.Qh6 Bf8  0-1

[Event "Oberliga Bayern9899"]
[Site "Bayern"]
[Date "1998.??.??"]
[Round "?"]
[White "Speckner, Roland"]
[Black "Gruenberg, Hans Ulrich"]
[Result "1/2-1/2"]
[WhiteElo "2365"]
[BlackElo "2470"]

1.e4 c5 2.Nf3 e6 3.d4 cxd4 4.Nxd4 Nc6 5.Nc3 d6 6.g4 a6 7.Bg2 Nge7 8.h4 Nxd4
9.Qxd4 Nc6 10.Qd2 Be7 11.g5 h6 12.f4 Qb6 13.Ne2 Bd7 14.Qe3 Qxe3 15.Bxe3 hxg5
16.hxg5 Rxh1+ 17.Bxh1 g6 18.Bg2 O-O-O 19.Ng1 e5 20.Nf3 Be6 21.O-O-O exf4
22.Bxf4 d5 23.e5 d4 24.a3 Bc5 25.Nd2 Bf5 26.b4 Be7 27.Nc4 Rh8 28.Rh1 Rxh1+
29.Bxh1 Be6 30.Nd6+ Bxd6 31.exd6 Kd7 32.Kd2 b5 33.Be4 Bc4 34.Bxc6+ Kxc6 35.Be5 Be6
36.Bxd4 Kxd6  1/2-1/2

[Event "Regionalliga NW9899"]
[Site "Bayern"]
[Date "1998.??.??"]
[Round "?"]
[White "Schnell, Manfred"]
[Black "Neubert, Marcus"]
[Result "0-1"]
[WhiteElo "2030"]
[BlackElo "2060"]

1.e4 c5 2.Nf3 Nc6 3.d4 cxd4 4.Nxd4 e6 5.Nc3 a6 6.Be3 Nf6 7.Be2 Bb4 8.Nxc6 bxc6
9.Bf3 d5 10.exd5 cxd5 11.Bd4 O-O 12.O-O Rb8 13.Rb1 Re8 14.Re1 Bb7 15.Be5 Bd6
16.Qd4 Bxe5 17.Qxe5 Nd7 18.Qg3 Rc8 19.Re2 Qb6 20.Na4 Qa5 21.Nc3 Nb6 22.Ree1 Nc4
23.b4 Qd8 24.Red1 Qf6 25.Na4 Na3 26.Rb3 Nxc2 27.Nc5 Bc6 28.Nxa6 Ba4 29.Rbd3 Bb5
30.Nc7 Rxc7 31.Qxc7 Bxd3 32.Rxd3 Nxb4 33.Rd1 Nxa2 34.Qc6 Rf8 35.Rf1 Qc3 36.Qa6 Nb4
37.Qa5 d4 38.h3 Nd5 39.Qa6 Nf4 40.Kh2 e5 41.Be4 f5 42.Qa2+ Kh8 43.Bxf5 Qc6
44.f3 Rxf5 45.Rc1 Qe8 46.Rc7 Rf8 47.g3 Ne6 48.Ra7 Ng5 49.Qd5 Qh5 50.Qd7 Nxf3+
51.Kh1 Qg6 52.h4 Qxg3 53.Ra2 Qg1+  0-1

[Event "Regionalliga NO9798"]
[Site "Bayern"]
[Date "1998.??.??"]
[Round "?"]
[White "Fischer, Gerd"]
[Black "Halbritter, Josef"]
[Result "0-1"]
[WhiteElo "2095"]
[BlackElo "2045"]

1.e4 c5 2.Nf3 e6 3.Nc3 Nc6 4.d4 cxd4 5.Nxd4 Nf6 6.Be3 Bb4 7.f3 d5 8.Nxc6 bxc6
9.e5 Nd7 10.f4 Qa5 11.Bd4 c5 12.a3 cxd4 13.axb4 Qxb4 14.Ra4 Qxb2 15.Nb5 O-O
16.Ra1 Qb4+ 17.Qd2 Qxd2+ 18.Kxd2 a5 19.Nxd4 Nc5 20.Ra3 Bd7 21.Bb5 Bxb5 22.Nxb5 Rfb8
23.Rb1 a4 24.Kc1 Rb6 25.Rc3 Ne4 26.Rc7 f6 27.Nd4 Rxb1+ 28.Kxb1 fxe5 29.Nxe6 d4
30.fxe5 Nc3+ 31.Kc1 a3 32.Nxd4 Ne2+ 33.Kb1 a2+ 34.Ka1 Nxd4 35.Rc5 Ne6 36.Rb5 Kf7
37.Rb6 Nd4 38.Rb2 Ke6 39.c3 Nf5 40.Re2 Ne7 41.Rxa2 Rxa2+ 42.Kxa2 Kxe5 43.Kb3 Kd5
44.Kc2 Kc4 45.Kd2 Nd5  0-1

[Event "JUG-ch51 (Women)"]
[Site "Belgrade"]
[Date "1998.??.??"]
[Round "5"]
[White "Bojkovic, Natasa"]
[Black "Todorovic, Violeta"]
[Result "1-0"]
[WhiteElo "2420"]
[BlackElo "2115"]

1.e4 c5 2.Nf3 e6 3.d4 cxd4 4.Nxd4 Nc6 5.Nc3 d6 6.Be2 Nf6 7.O-O Be7 8.Kh1 O-O
9.f4 Nxd4 10.Qxd4 b6 11.f5 e5 12.Qd3 Bb7 13.Bg5 Qc7 14.Bxf6 Bxf6 15.Rad1 Rfd8
16.Rf3 Rac8 17.Qd2 h6 18.Bb5 Qc5 19.Ba4 Bg5 20.Qd3 Qa5 21.Bb3 Rc5 22.Qe2 b5
23.Qe1 b4 24.Nd5 Bxd5 25.Rxd5 Rxd5 26.Bxd5 Qc5 27.Bb3 Qd4 28.h4 Qd2 29.Qxd2 Bxd2
30.Rd3 Be1 31.Rd5 Kf8 32.Rb5 Rd7 33.Kh2 Ke7 34.Kh3 g6 35.g4 Kf6 36.Rb8 Bd2
37.Rb5 Rc7 38.Rd5 Bf4 39.Rxd6+ Ke7 40.Ra6 gxf5 41.gxf5 Rd7 42.f6+ Kd8 43.Kg4 Kc8
44.Rc6+ Kb7 45.Bd5 Kb8 46.Kf5 Bg3 47.h5 Bf4 48.Bxf7 Rxf7 49.Kg6  1-0

[Event "Berliner Sommer 16th"]
[Site "Berlin"]
[Date "1998.??.??"]
[Round "2"]
[White "Rechel, Bernd"]
[Black "Lehmann, Holger"]
[Result "1-0"]
[WhiteElo "2365"]
[BlackElo "2155"]

1.e4 c5 2.Nc3 Nc6 3.Nge2 e6 4.d4 cxd4 5.Nxd4 Qc7 6.Be3 a6 7.a3 b5 8.Bd3 Bb7
9.O-O Nf6 10.Nb3 d6 11.f4 Be7 12.Qf3 h5 13.h3 h4 14.Bf2 Nh5 15.Rfd1 g5 16.fxg5 Bxg5
17.Bxb5 O-O-O 18.Bxc6 Bxc6 19.Rd4 f5 20.Rc4 Kb7 21.Rxc6 Kxc6 22.exf5+ Kd7
23.fxe6+ Ke8 24.Nd5 Qg7  1-0

[Event "Besancon"]
[Site "Besancon"]
[Date "1998.??.??"]
[Round "4"]
[White "Roser, Kevin"]
[Black "Berend, Fred"]
[Result "1/2-1/2"]
[WhiteElo "2255"]
[BlackElo "2350"]

1.e4 c5 2.Nf3 e6 3.d4 cxd4 4.Nxd4 Nc6 5.Nc3 a6 6.Be2 d6 7.O-O Nf6 8.Be3 Be7
9.f4 O-O 10.Qe1 Nxd4 11.Bxd4 b5 12.a3 Bb7 13.Qg3 g6 14.Bf3 Rc8 15.Rad1 Rc4
16.Kh1 Qa8 17.e5 dxe5 18.Bxe5 Bxf3 19.Qxf3 Qxf3 20.Rxf3 Rfc8 21.h3 h5 22.g3 Ne4
23.Nxe4 Rxe4 24.Rd2 h4 25.gxh4 Bxh4 26.c3 Be7 27.h4 f6 28.Bd4 Kf7 29.Kg2 Rd8
30.Rdd3 f5 31.Kg3 Re2 32.b4 Ra2 33.Be5 Rd2 34.Bd4 Ra2 35.Be5 Rd5 36.Rxd5 exd5
37.Rd3 Rxa3 38.Rxd5 Bxb4 39.Rd7+ Ke6 40.Rc7 Kd5 41.Rd7+ Kc6 42.Rc7+ Kd5 43.Rd7+ Ke6
44.Rc7 Be7 45.Bd4 Bd6 46.Rg7 b4 47.Rxg6+ Kd5 48.Bg7 Rxc3+ 49.Kf2 Rh3 50.Rf6 Rxh4
51.Rxf5+ Ke4 52.Ra5 Rxf4+ 53.Ke2 Rg4 54.Rxa6 Rg2+ 55.Kd1 Bf4 56.Ra7 Kd5 57.Rd7+ Kc4
58.Rd4+ Kb3 59.Bf8 Be5 60.Rxb4+ Kc3 61.Re4 Bd4 62.Re2 Rg1+ 63.Re1 Rg6 64.Ba3 Bf2
65.Rf1 Kd3 66.Bc1 Rg2 67.Rh1 Rg3 68.Bd2 Bc5 69.Rf1 Rh3 70.Bc1 Bf2 71.Bd2 Rh2
72.Bc1 Ke4 73.Bd2 Rg2 74.Kc2 Be3 75.Rd1 Rxd2+ 76.Rxd2 Bxd2 77.Kxd2  1/2-1/2

[Event "Biel op"]
[Site "Biel"]
[Date "1998.??.??"]
[Round "1"]
[White "Heedt, Thorsten"]
[Black "Barbero, Gerardo F"]
[Result "1-0"]
[WhiteElo "2190"]
[BlackElo "2440"]

1.e4 c5 2.Nf3 e6 3.d4 cxd4 4.Nxd4 Nc6 5.Nc3 d6 6.Be2 Nf6 7.O-O Be7 8.Kh1 O-O
9.f4 Bd7 10.Nb3 a6 11.Bf3 b5 12.e5 dxe5 13.fxe5 Nxe5 14.Bxa8 Qxa8 15.Qe2 Ng6
16.Bg5 b4 17.Bxf6 gxf6 18.Ne4 Bb5 19.Qe3 Bxf1 20.Rxf1 f5 21.Nec5 Qd5 22.Nd3 Rc8
23.Rf2 Rc4 24.Rd2 Re4 25.Qg1 Qc6 26.Nf2 Rc4 27.Na5 Qc7 28.Nxc4 Qxc4 29.b3 Qb5
30.Qd1 Bf6 31.Qe2 Qxe2 32.Rxe2 Nf4 33.Rd2 Nd5 34.Nd1 Kf8 35.g3 Ke7 36.Kg2 h5
37.Kf3 h4 38.Rd3 hxg3 39.hxg3 Be5 40.Rd2 Nf6 41.Re2 Bd6 42.c4 Ne4 43.Rg2 Ng5+
44.Ke2 Ne4 45.Kf3 a5 46.Nb2 Ng5+ 47.Ke2 Ne4 48.Kf3 Nc5 49.Na4 Nd3 50.Rd2 e5
51.Nb6 e4+ 52.Kg2 Ke6 53.Nd5 Ne1+ 54.Kf2 Nd3+ 55.Kg2 Ne1+ 56.Kf2 Nf3 57.Rd1 Bc5+
58.Kg2 Ke5 59.Nf4 Nd4 60.Ne2 f6 61.Nxd4 Bxd4 62.Kf1 e3 63.Ke2 Ke4 64.Rf1 Be5
65.Rf3 f4 66.gxf4 Bxf4 67.c5 Be5 68.c6 Kd5 69.Rxf6 Bc7 70.Kxe3 Bd8 71.Rg6 Bb6+
72.Kd3 Bc7 73.Rg5+ Kxc6 74.Kc4  1-0

[Event "Biel op"]
[Site "Biel"]
[Date "1998.??.??"]
[Round "2"]
[White "Pikula, Dejan"]
[Black "Heedt, Thorsten"]
[Result "1/2-1/2"]
[WhiteElo "2440"]
[BlackElo "2190"]

1.e4 c5 2.Nf3 e6 3.d4 cxd4 4.Nxd4 Nc6 5.Nc3 Qc7 6.Be3 a6 7.Bd3 Nf6 8.O-O b5
9.Nb3 Bb4 10.f4 d6 11.Qf3 Bb7 12.Qh3 Na5 13.Rae1 Bxc3 14.bxc3 Nxb3 15.cxb3 Qxc3
16.Bf2 Qb4 17.Re3 h5 18.Be1 Qc5 19.b4 Qb6 20.Kh1 Rc8 21.Bh4 Ng4 22.Ree1 Qd4
23.Qg3 Rc3 24.Rf3 O-O 25.h3 Nf2+ 26.Qxf2 Rxd3 27.Rxd3 Qxd3 28.Re3 Qb1+ 29.Kh2 Bxe4
30.Be7 Rc8 31.Bxd6 Rc2 32.Re2 Qxa2 33.Rxc2 Qxc2 34.Qxc2 Bxc2 35.g4 Bd1 36.Kg3 f6
37.g5 Kf7 38.h4 fxg5 39.fxg5 Ke8 40.Kf4 Kd7 41.Ke5 Bc2 42.Bc5 g6 43.Bf8 Bf5
44.Bc5 Kc6 45.Be7  1/2-1/2

[Event "Biel op"]
[Site "Biel"]
[Date "1998.??.??"]
[Round "2"]
[White "Koeller, Oliver"]
[Black "Rufener, Markus"]
[Result "1/2-1/2"]
[WhiteElo "2295"]
[BlackElo "2120"]

1.e4 c5 2.Nf3 e6 3.d4 cxd4 4.Nxd4 Nc6 5.Nc3 a6 6.Nxc6 bxc6 7.Bd3 d5 8.exd5 cxd5
9.O-O Nf6 10.Re1 Bb4 11.Qf3 Bb7 12.Bg5 h6 13.Bd2 Qe7 14.Rad1 O-O 15.Qh3 Bxc3
16.Bxc3 Ne4 17.Bxe4 dxe4 18.Qg3 f6 19.Qd6  1/2-1/2

[Event "Biel op"]
[Site "Biel"]
[Date "1998.??.??"]
[Round "3"]
[White "Ciric, Dragoljub M"]
[Black "Kunte, Abhijit"]
[Result "1/2-1/2"]
[WhiteElo "2350"]
[BlackElo "2460"]

1.e4 c5 2.Nf3 e6 3.Nc3 Nc6 4.d4 cxd4 5.Nxd4 Qc7 6.g3 a6 7.Bg2 Nf6 8.O-O Bc5
9.Nce2 O-O 10.c4 b6 11.Nb3 Be7 12.Bf4 d6 13.Rc1 Ne5 14.Ned4 Bb7 15.Qe2 Rac8
16.Nd2 Rfe8 17.h3 Qb8 18.g4 Qa8 19.Bg3 Nfd7 20.Qe3 Nc6 21.Nxc6 Bxc6 22.Nb3 Nc5
23.Nxc5 dxc5 24.f3 Red8 25.Rfd1 Rxd1+ 26.Rxd1 Rd8 27.Rd2 b5 28.Bc7 Rxd2 29.Qxd2 Qb7
30.Bd8 Bf8 31.Ba5 b4 32.Qd8 f6 33.Bc7 Qa8 34.Qxa8 Bxa8 35.Bg3 e5 36.Kf1 Kf7
37.Ke2 Ke6 38.Bf2  1/2-1/2

[Event "Biel op"]
[Site "Biel"]
[Date "1998.??.??"]
[Round "8"]
[White "Ciric, Dragoljub M"]
[Black "Kaenel, Hansjuerg"]
[Result "1/2-1/2"]
[WhiteElo "2350"]
[BlackElo "2385"]

1.e4 c5 2.Nf3 e6 3.d4 cxd4 4.Nxd4 Nc6 5.Nc3 Qc7 6.g3 a6 7.Bg2 d6 8.O-O Bd7
9.Re1 Be7 10.Nxc6 bxc6 11.b3 Nf6 12.Na4  1/2-1/2

[Event "Biel op"]
[Site "Biel"]
[Date "1998.??.??"]
[Round "10"]
[White "Ciric, Dragoljub M"]
[Black "Antic, Dejan"]
[Result "0-1"]
[WhiteElo "2350"]
[BlackElo "2460"]

1.e4 c5 2.Nf3 e6 3.Nc3 Nc6 4.d4 cxd4 5.Nxd4 a6 6.g3 Qc7 7.Bg2 Nf6 8.O-O Bc5
9.Nxc6 dxc6 10.Na4 Ba7 11.c4 Nd7 12.b4 a5 13.b5 e5 14.Bb2 O-O 15.Rb1 Nb6
16.c5 Nxa4 17.Qxa4 cxb5 18.Qxb5 Bxc5 19.Rfc1 b6 20.Ba3 Bd7 21.Qb2 Be6 22.Bf1 Rfd8
23.Bxc5 bxc5 24.Qa3 c4 25.Rb5 Rac8 26.Qc3 f6 27.Rcb1 Qd6 28.Rb6 Rc6 29.Rxc6 Qxc6
30.Rc1 Rc8 31.Qxa5 Qxe4 32.Bg2 Qd4 33.Qa6 Qd7 34.Qa5 Qd6 35.Bf3 Qc5 36.Qa6 Bf7
37.Rc3 h5 38.Kg2 Rb8 39.Qa3 Qd4 40.Qc1 h4 41.a4 h3+ 42.Kxh3 Qxf2 43.Qe3 Qf1+
44.Bg2 Qf5+ 45.g4 Qh7+ 46.Kg3 g5 47.h3 Rb2 48.Qf3 Qh4+ 49.Kh2 Qe1 50.Re3 Qd2
51.Kg3 Kg7  0-1

[Event "Biel op"]
[Site "Biel"]
[Date "1998.??.??"]
[Round "10"]
[White "Pikula, Dejan"]
[Black "Kaenel, Hansjuerg"]
[Result "1-0"]
[WhiteElo "2440"]
[BlackElo "2385"]

1.e4 c5 2.Nf3 e6 3.d4 cxd4 4.Nxd4 Nc6 5.Nc3 Qc7 6.Be3 a6 7.Bd3 Nf6 8.O-O Ne5
9.h3 Bc5 10.Kh1 d6 11.f4 Ned7 12.Qe1 b5 13.Bxb5 axb5 14.Ndxb5 Qc6 15.Bxc5 dxc5
16.e5 Nd5 17.Nxd5 exd5 18.Nd6+ Kf8 19.Qh4 Qc7 20.Rae1 Ba6 21.Rf3 h5 22.Qg5 h4
23.Nxf7 Kxf7 24.e6+ Kf8 25.e7+ Kf7 26.Qxd5+ Kg6 27.f5+ Kh7 28.Re4  1-0

[Event "Bled op"]
[Site "Bled"]
[Date "1998.??.??"]
[Round "1"]
[White "Kutuzovic, Branko"]
[Black "Taggatz, Mario"]
[Result "1-0"]
[WhiteElo "2425"]
[BlackElo "2220"]

1.e4 c5 2.Nf3 Nc6 3.Nc3 e6 4.d4 cxd4 5.Nxd4 Qc7 6.g3 a6 7.Bg2 Nf6 8.O-O Bc5
9.Nxc6 dxc6 10.Na4 Ba7 11.c4 b5 12.cxb5 axb5 13.e5 Nd5 14.Nc3 Qxe5 15.Bxd5 cxd5
16.Re1 Qf6 17.Bf4 O-O 18.Nxb5 Qxb2 19.Nxa7 Rxa7 20.Bd6 Rxa2 21.Rxa2 Qxa2
22.Bxf8 Kxf8 23.Qc1 Ba6 24.Qc5+ Kg8 25.Qe7 g6 26.Qf6 d4 27.Qd8+ Kg7 28.Qxd4+ Kg8
29.Ra1 Qc4 30.Qe5 Qb5 31.Qf6 Bb7 32.Rd1 Bd5 33.h4 h5 34.Kh2 Qb3 35.Rc1 Qb7
36.Qe5 Bc6 37.Qd6 Bd5 38.Qd8+ Kh7 39.Rc7  1-0

[Event "SLO-HUN mJ"]
[Site "Bled"]
[Date "1998.??.??"]
[Round "1"]
[White "Bokros, Albert"]
[Black "Kosmac, Blaz"]
[Result "1-0"]
[WhiteElo "2365"]
[BlackElo "2160"]

1.e4 c5 2.Nf3 e6 3.d4 cxd4 4.Nxd4 Nc6 5.Nc3 Qc7 6.g3 a6 7.Bg2 d6 8.O-O Nf6
9.h3 Be7 10.Be3 O-O 11.a4 Bd7 12.g4 Nxd4 13.Bxd4 Bc6 14.Qe2 b5 15.g5 Nd7
16.axb5 axb5 17.Nxb5 Qb7 18.Na7 Bxg5 19.Nxc6 Qxc6 20.e5 d5 21.Rxa8 Qxa8 22.Qg4 Be7
23.c4 Qb8 24.cxd5 Nxe5 25.Qe4 Bd6 26.dxe6 fxe6 27.Re1 Ng6 28.Qxe6+ Kh8 29.Qd7 Ne5
30.Qb7 Qxb7 31.Bxb7 Nd3 32.Re6 Bb4 33.Ba6 Nf4 34.Re3 Bd2 35.Re7 Nh5 36.Rd7 Bh6
37.b4 Nf4 38.Bf1 Ne6 39.Bb2 Rb8 40.b5 Nc5 41.Rc7 Ne4 42.b6  1-0

[Event "Bled op"]
[Site "Bled"]
[Date "1998.??.??"]
[Round "2"]
[White "Balinov, Ilija"]
[Black "Drei, Andrea"]
[Result "1/2-1/2"]
[WhiteElo "2485"]
[BlackElo "2320"]

1.e4 c5 2.Nf3 e6 3.d4 cxd4 4.Nxd4 Nc6 5.Nc3 Qc7 6.Be2 a6 7.O-O Nf6 8.Be3 Bb4
9.Na4 O-O 10.c4 Be7 11.Nc3 d6 12.Rc1 Bd7 13.Nxc6 Bxc6 14.Nd5 exd5 15.cxd5 Qd7
16.dxc6 bxc6 17.Bf3 Rab8 18.e5 dxe5 19.Qxd7 Nxd7 20.Bxc6 Rfd8 21.b3 Kf8 22.f4 e4
23.Ba7  1/2-1/2